000 00638nam a2200181Ia 4500
008 090123s9999 xx 000 0 und d
082 _b3021
_a891.463/तामणे
100 _aतामणे प्रभाकर वसंत
245 _aका मोगरा फुलेना
250 _a1
260 _bकुलकर्णी अ.अ.
300 _a157
600 _aतामणे प्रभाकर वसंत
630 _aका मोगरा फुलेना
700 _aतामणे प्रभाकर वसंत
730 _aका मोगरा फुलेना
942 _cBOOK
999 _c41101
_d41101